000 00852cam a22002777a 4500
003 CHAP
005 20220329140917.0
008 971013s1990 r 00010 d
010 _a59658
011 _a60630
035 _a64792
040 _cCHAP
082 _a510.03
_bC6
245 1 4 _aThe concise Oxford dictionary of mathematics
260 _aOxford :
_bOxford University Press,
_c1990
300 _a203 p.
_b: ilus.
590 _aBATCH-UPD
_b10
_c20130110
_lUCH01
_h0821
590 _aBATCH-UPD
_b10
_c20130410
_lUCH01
_h0458
590 _aBATCH-UPD
_b10
_c20130914
_lUCH01
_h1803
590 _aCONVERSION
_b10
_c20130109
_lUCH01
_h1332
650 1 4 _aMatemáticas
_xDiccionarios.
_972903
700 0 _aClapham, Christopher.
_923591
901 _aBK
942 _cLIBRO
949 _a510.03 C6
_bBC
_cC
_d33724000492609
_eC
_gI. c/e
_h90171
_i64792
_si
_t95.00
999 _c59658
_d59658